| 000 | 00621nam a22001937a 4500 | ||
|---|---|---|---|
| 999 |
_c15152 _d15152 |
||
| 003 | AR-CdUCM | ||
| 008 | 190426b ||||| |||| 00| 0 spa d | ||
| 040 |
_aMUNICIPALIDAD PROVINCIAL DEL CUSCO _cBIBLIOTECA MUNICIPAL DEL CUSCO |
||
| 082 |
_aSI / 803.08 / _bC96 |
||
| 245 | _aCuentos de hadas de Andersen / | ||
| 260 |
_aBarcelona : _bMolino, _c1959. |
||
| 300 |
_a111 paginas ; _bIlustraciones, _c29 cm. |
||
| 440 |
_n2 serie _934172 |
||
| 650 |
_aLiteratura infantil _9588 |
||
| 650 |
_aCuentos _9217 |
||
| 700 |
_aGranch, H.C. (traducción y adaptación ) _934173 |
||
| 942 |
_2ddc _cLIBROS |
||
| 945 |
_arjall _d2019-04-26 |
||